Đang tải...

Influence of hostplants and soil moisture stress on the water relations in sandal

Chi tiết về thư mục
Tác giả chính: G Dhanik Lal
Định dạng: Ph.D Thesis
Ngôn ngữ:Undetermined
Được phát hành: 2006
LEADER 00547nam a2200181Ia 4500
008 141004s9999 xx 000 0 und d
040 |c a 
041 |a English 
082 |a theses 
082 |b in 
100 |a G Dhanik Lal 
245 |a Influence of hostplants and soil moisture stress on the water relations in sandal 
245 |c G Dhanik Lal 
260 |c 2006 
300 |b 30 cm 
942 |c TH 
999 |c 176081  |d 176081 
952 |0 0  |1 0  |2 ddc  |4 0  |6 THESES_IN  |7 0  |9 181052  |a KAUCOF  |b KAUCOF  |c FBT  |o theses in  |p KAU_COF-T-68   |r 2014-10-04  |w 2014-10-04  |y TH